Trophic factors and the nervous system /

Neurotrophic function

Bibliographic Details
Corporate Authors: American Society for Neurochemistry. Meeting, Ohio State University. Neuroscience Program
Other Authors: Horrocks, Lloyd A.
Format: Book
Language:English
Published: New York : Raven Press, [1990]
Series:Fidia Research Foundation symposium series ; v. 3.
Subjects:

MARC

Tag First Indicator Second Indicator Subfields
LEADER 00000cam a2200000 a 4500
001 in00004475421
005 20191202143320.0
008 900611s1990 nyua b 10100 eng c
010 |a  90008799  
020 |a 0881676713 
035 |a (OCoLC)21901890 
035 |9 AAE3852MS 
035 |z (UtOrBLW)14314 
035 |a 25121 
040 |a DNLM/DLC  |c DLC  |d TMV  |d UtOrBLW 
049 |a TMVM  |c 1 
050 0 0 |a QP552.N36  |b T76 1990 
060 0 |a W1 FI321F v. 3  |a WL 102 T8554 1989 
060 4 |a WL 102  |b T8554 1989 
082 0 0 |a 591.1/88  |2 20 
245 0 0 |a Trophic factors and the nervous system /  |c editors, Lloyd A. Horrocks [and others]. 
264 1 |a New York :  |b Raven Press,  |c [1990] 
264 4 |c ©1990 
300 |a xviii, 358 pages :  |b illustrations ;  |c 24 cm. 
336 |a text  |2 rdacontent  |b txt 
337 |a unmediated  |2 rdamedia 
338 |a volume  |2 rdacarrier  |b nc 
490 1 |a Fidia Research Foundation symposium series ;  |v v. 3 
500 |a Based on an international symposium held on Mar. 12-14, 1989 at the Ohio State University, sponsored by the Ohio State University Neuroscience Program, and a satellite of the 20th annual meeting of the American Society for Neurochemistry. 
504 |a Includes bibliographical references and index. 
505 2 |a Receptors for gangliosides on rat brain membranes: specificity, regional and subcellular distribution 
520 8 |a Neurotrophic function 
650 2 |a Nerve Growth Factors. 
650 2 |a Nervous System  |x growth & development. 
650 2 |a Neurons  |x physiology. 
655 7 |a Congresses.  |2 mesh 
700 1 |a Horrocks, Lloyd A. 
710 2 |a American Society for Neurochemistry.  |b Meeting  |n (20th :  |d 1989 :  |c Ohio State University) 
710 2 |a Ohio State University.  |b Neuroscience Program. 
830 0 |a Fidia Research Foundation symposium series ;  |v v. 3. 
948 |a Keep per EC, 2003 evaluation; retention reasons in 505, 520, 599, or 650 fields; 03/31/2004, bn. 
999 |a MARS 
999 f f |s 7e4139c1-1471-3307-bcc5-3a8b3c34a9a9  |i 8133fa39-5d88-3b78-ae30-ba285a69e5ad  |t 0 
952 f f |p ric  |a Texas A&M University  |b Rellis Campus  |c Joint Library Facility  |d Remote Storage  |t 0  |e WL 102 T8554 1989  |h National Library of Medicine classification  |i unmediated -- volume  |m 323890097999P 
998 f f |a WL 102 T8554 1989  |t 0  |l Remote Storage